| 000 | 00459nam a2200205Ia 4500 | ||
|---|---|---|---|
| 999 |
_c34734 _d34734 |
||
| 003 | OSt | ||
| 005 | 20210626102659.0 | ||
| 008 | 160316s1981 xxu||||| |||| 00| 0 eng d | ||
| 020 | _a9780862160609 | ||
| 040 | _cn | ||
| 082 |
_a322.400000 _bWIL |
||
| 100 | _aWilkinson Paul | ||
| 245 | _aThe new fascists | ||
| 260 |
_aLondon _bGrant McIntyre _c1981 |
||
| 300 | _a179p | ||
| 365 | _b Gratis | ||
| 650 | _a1. Fascism | ||
| 700 |
_a _a |
||
| 942 |
_2ddc _cBK |
||